Normal view
MARC view
Entry Personal Name
001 - CONTROL NUMBER
- control field: 81329
003 - CONTROL NUMBER IDENTIFIER
- control field: dpl
005 - DATE AND TIME OF LATEST TRANSACTION
- control field: 20250522154244.0
008 - FIXED-LENGTH DATA ELEMENTS
- fixed length control field: 250522|| aca||aabn | a|a d
040 ## - CATALOGING SOURCE
- Original cataloging agency: dpl
- Transcribing agency: dpl
100 ## - HEADING--PERSONAL NAME
- Personal name: kavimandan , Surendra
670 ## - SOURCE DATA FOUND
- Source citation: Work cat.: (dpl)209347: kavimandan , Surendra, R.Gupta's popular master guide NIFT/, 2024
